|
|
|
|
| LEADER |
00000nab#a22000007a#4500 |
| 001 |
arbauad045620 |
| 003 |
AR-BaUAD |
| 005 |
20250711113520.0 |
| 008 |
000809|||||||||###||||||b###|0###a|spa|| |
| 040 |
|
|
|a AR-BaUAD
|c AR-BaUAD
|b spa
|
| 100 |
|
|
|a Gubitosi, Alessandro
|
| 245 |
|
|
|a Dinamiche pedagogiche :
|b the British School in The Hague /
|c Alessandro Gubitosi;
|
| 300 |
0 |
|
|b fot., plantas
|
| 653 |
|
|
|a URBIS, KRAAIJVANGER
|
| 653 |
|
|
|a POSTEL, DIRK
|
| 653 |
|
|
|a PAISES BAJOS
|
| 653 |
|
|
|a LA HAYA
|
| 653 |
|
|
|a ARQUITECTURA EDUCACIONAL
|
| 653 |
|
|
|a ESCUELAS
|
| 773 |
0 |
|
|t L'ARCA
|g Nº149 [jun. 2000], p. 26-31
|
| 942 |
|
|
|c ARTI
|
| 952 |
|
|
|0 0
|1 0
|4 0
|7 0
|9 90539
|a AR-BAuAD
|b AR-BAuAD
|d 2025-07-11
|l 0
|p AAQA045620
|r 2025-07-11 11:35:20
|w 2025-07-11
|y ARTI
|
| 990 |
|
|
|a AQ200
|b TD
|
| 998 |
|
|
|a AAQ
|b BIBUN76
|
| 999 |
|
|
|c 70212
|d 70212
|